Movies Quiz

Random Movies or Famous Quiz
Score 0/23 Timer 10:00
0 Plays Today
Year Movie Title % Correct
1977Star Wars
92.1%
1975Jaws
83.1%
1981Raiders of the Lost Ark
74.4%
1980The Empire Strikes Back
73.6%
1982E.T.: The Extra-Terrestrial
72%
1983Return of the Jedi
70.5%
1993Jurassic Park
67.3%
1999Star Wars: Episode I - The Phantom Menace
59.1%
1978Superman
58.7%
1993Schindler's List
57.5%
1984Indiana Jones and the Temple of Doom
56.7%
2002Star Wars: Episode II - Attack of the Clones
56.3%
Year Movie Title % Correct
2005Star Wars: Episode III - Revenge of the Sith
54.7%
1989Indiana Jones and the Last Crusade
52%
2001Harry Potter and the Sorcerer's Stone
46.5%
2002Harry Potter and the Chamber of Secrets
44.5%
1997The Lost World: Jurassic Park
42.9%
1998Saving Private Ryan
42.9%
1990Home Alone
40.6%
2008Indiana Jones and the Kingdom of the Crystal Skull
37.4%
2002Catch Me If You Can
36.2%
1992Home Alone 2: Lost in New York
30.3%
2004Harry Potter and the Prizoner of Azkaban
6.7%

You're not logged in!

Compare scores with friends on all Sporcle quizzes.
OR
Log In

Sporcle TV

Today on Sporcle TV


Watch our educational content, quiz creation guides, and fun videos on Sporcle TV.

Show Comments

Extras

Top Quizzes Today


Score Distribution

Paid Content

Your Account Isn't Verified!

In order to create a playlist on Sporcle, you need to verify the email address you used during registration. Go to your Sporcle Settings to finish the process.

Report this User

Report this user for behavior that violates our Community Guidelines.

Details: